000 00701na a2200229 4500
001 15905
003 MIRAKIL
005 20181213155152.0
008 161009b tu 000 0
035 _a15905
040 _aMilas
_btur
_cTR-AnCHP
082 _a320.9561
_bY66m 2007
090 _a320.9561 Y66m 2007
100 _aYorulmaz,Enver
245 _aMerhaba ey demokrasi
_cEnver Yorulmaz
260 _aAnkara
_bÜstün Çaba Yayınları
_c2007
300 _a202 s.
_c19 sm.
500 _aKitabın iç kapak sayfası yırtılmış haldedir.
651 _aTürkiye
_xDemokrasi
_yEleştiriler ve yorumlar
651 _aTürkiye
_xSiyaset ve yönetim
_yEleştiriler ve yorumlar
942 _2ddc
_cBKS
999 _c7871
_d7871